| 000 | 06170cam a22014174i 4500 | ||
|---|---|---|---|
| 003 | PE-LiUPU | ||
| 005 | 20250813185412.0 | ||
| 008 | 161101s2017 ilu rb 001 0 eng d | ||
| 020 | _a9780830851614 (hardcover : alk. paper) | ||
| 035 | _a(Sirsi) i9780830851614 | ||
| 035 | _a(OCoLC)959037006 | ||
| 040 |
_aDLC _bspa _erda _cDLC _dYDX _dOCLCF _dIGR _dTLE _dLNT _dOCLCO _dVGM _dIHT _dPE-LiUPU |
||
| 049 | _aPRUA | ||
| 050 | 0 | 0 |
_aLC538 _b.G55 2017 |
| 066 | _c$1 | ||
| 082 | 0 | 0 |
_a378.071 _bG52 _223 |
| 100 | 1 |
_aGlanzer, Perry L. _q(Perry Lynn), _eautor. |
|
| 245 | 1 | 0 |
_aRestoring the soul of the university : _bunifying christian higher education in a fragmented age / _cPerry L. Glanzer, Nathan F. Alleman, and Todd C. Ream. |
| 264 | 1 |
_aDowners Grove, Illinois : _bInterVarsity Press, _c[2017]. |
|
| 300 |
_axi, 385 páginas ; _c24 centímetros |
||
| 336 |
_atext _2rdacontent |
||
| 337 |
_aunmediated _2rdamedia |
||
| 338 |
_avolume _2rdacarrier |
||
| 504 | _aBibliografía : páginas 375-3 | ||
| 504 | _aÍndice : páginas 381- | ||
| 505 | 0 | _aIntroduction: Can the soul of the university be saved? -- Part 1. Building the university -- Creating the original blueprint of a university -- A cracked pinnacle and shifting foundation: attempting to repair the university (1517-1800) -- The state takes over the academic palace in Europe (1770-1870) -- The American idea of the university: freedom within the bounds of science (1825-1900) -- Fracturing the soul: the creation of the American multiversity (1869-1969) -- Part 2. The fragmentation of the multiversity -- The fragmented soul of the professor -- Falling to pieces: declaring independence from curricular coherence -- Fragmenting students: the curricular/cocurricular division -- Chief fragmentation officer: the advent of the professional administrator -- The multiversity's religion: the univying and fragmenting force of athletics -- The consequences of multiversities with fragmented souls: online and for-profit higher education -- Part 3. Restoring the soul of the university -- When theology serves the soul of the university -- Reimagining the academic vocation -- Reimagining the academic disciplines -- Reimagining the cocurricular: transforming the bubble to a greenhouse -- Reimagining academic leadership -- Conclusion: Can a university with a singular soul exist? | |
| 520 |
_aIn terms of money, prestige, power, and freedom, American universities appear to have gained the academic world. But at what cost? We live in the age of the fragmented multiversity that has no unifying soul or mission. The multiversity in a post-Christian culture is characterized instead by curricular division, the professionalization of the disciplines, the expansion of administration, the loss of community, and the idolization of athletics. The situation is not hopeless. According to Perry L. Glanzer, Nathan F. Alleman, and Todd C. Ream, Christian universities can recover their soul--but to do so will require reimagining excellence in a time of exile, placing the liberating arts before the liberal arts, and focusing on the worship, love, and knowledge of God as central to the university. Restoring the Soul of the University is a pioneering work that charts the history of the university and casts an inspiring vision for the future of higher education. -- _cProvided by publisher. |
||
| 526 | _aP202 | ||
| 526 | _aP201 | ||
| 526 | _aP163 | ||
| 526 | _aP162 | ||
| 526 | _aP161 | ||
| 526 | _aP160 | ||
| 526 | _aP148 | ||
| 526 | _aP147 | ||
| 526 | _aP146 | ||
| 526 | _aP145 | ||
| 526 | _aP144 | ||
| 526 | _aP143 | ||
| 526 | _aP142 | ||
| 526 | _aP141 | ||
| 526 | _aP140 | ||
| 526 | _aP139 | ||
| 526 | _aP138 | ||
| 526 | _aP137 | ||
| 526 | _aP136 | ||
| 526 | _aP135 | ||
| 526 | _aP134 | ||
| 526 | _aP133 | ||
| 526 | _aP129 | ||
| 526 | _aP128 | ||
| 526 | _aP127 | ||
| 526 | _aP120 | ||
| 526 | _aP119 | ||
| 526 | _aP118 | ||
| 526 | _aP116 | ||
| 526 | _aP115 | ||
| 526 | _aP114 | ||
| 526 | _aP110 | ||
| 526 | _aP109 | ||
| 526 | _aP108 | ||
| 526 | _aP104 | ||
| 526 | _aP103 | ||
| 526 | _aP102 | ||
| 526 | _aP99 | ||
| 526 | _aP98 | ||
| 526 | _aP97 | ||
| 526 | _aP96 | ||
| 526 | _aP95 | ||
| 526 | _aP93 | ||
| 526 | _aP90 | ||
| 526 | _aP89 | ||
| 526 | _aP88 | ||
| 526 | _aP83 | ||
| 526 | _aP82 | ||
| 526 | _aP62 | ||
| 526 | _aP59 | ||
| 526 | _aP58 | ||
| 526 | _aP57 | ||
| 526 | _aP51 | ||
| 526 | _aP49 | ||
| 526 | _aP48 | ||
| 526 | _aP47 | ||
| 526 | _aP29 | ||
| 526 | _aP24 | ||
| 526 | _aP20 | ||
| 526 | _aP19 | ||
| 526 | _aP17 | ||
| 526 | _aP15 | ||
| 526 | _aP14 | ||
| 526 | _aP12 | ||
| 526 | _aP10 | ||
| 526 | _aP09 | ||
| 526 | _aP08 | ||
| 526 | _aP07 | ||
| 526 | _aP06 | ||
| 526 | _aP05 | ||
| 526 | _aP04 | ||
| 526 | _aP01 | ||
| 650 | 0 | _aChristian education. | |
| 650 | 0 | _aChristian universities and colleges. | |
| 650 | 0 |
_aEducation, Higher _xAims and objectives. |
|
| 650 | 0 |
_aEducation, Higher _xMoral and ethical aspects. |
|
| 650 | 7 |
_aChristian education. _2fast _0(OCoLC)fst00859019 |
|
| 650 | 7 |
_aChristian universities and colleges. _2fast _0(OCoLC)fst01735737 |
|
| 650 | 7 |
_aEducation, Higher _xAims and objectives. _2fast _0(OCoLC)fst00903015 |
|
| 650 | 7 |
_aEducation, Higher _xMoral and ethical aspects. _2fast _0(OCoLC)fst00903079 |
|
| 650 | 0 | _aEducación cristiana | |
| 650 | 0 | _aUniversidades y colegios cristianos. | |
| 650 | 0 |
_aEducación superior _xPlanes y objetivo |
|
| 650 | 0 |
_aEducación superior _xAspectos morales y éticos |
|
| 700 | 1 |
_aAlleman, Nathan F., _d1975- , _eautor. |
|
| 700 | 1 |
_aReam, Todd C., _eautor. |
|
| 910 |
_adbm _bjpc _cjpc _d20171201 |
||
| 942 |
_2ddc _cBOOK |
||
| 949 |
_a378.071 G52 _wDEWEY _c1 _i77328 _lCATALOGING _mBUL _p22.00 _r0 _sY _tBOOK _u2017-12-04 _xPOSGRADO _PP85 _0DONACION _o.STAFF. Colecci�n Teologa |
||
| 994 |
_aC0 _bPEPRU |
||
| 596 | _a1 | ||
| 999 |
_a378.071 G52 _wDEWEY _c26454 _i77328 _f2021-11-8 _g4 _lCCODEBUL1 _mBUL _p22.00 _r0 _sY _tBOOK _u2017-12-4 _xEDUCACION _PP85 _0COMPRA _o.STAFF. Colección Teología _d26454 |
||
| 980 |
_81 _gALBERTO SANCHEZ Responsable de Automatización |
||